[Event "XLIX Festival A"]
[Site "Imperia ITA"]
[Date "2007.09.08"]
[Round "8"]
[White "Di Paolo, Raffaele"]
[Black "Isonzo, David"]
[WhiteElo "2357"]
[BlackElo "2356"]
[Result "1/2-1/2"]
[PlyCount "60"]
[EventDate "2007.09.02"]

1. e4 e5 2. Nf3 Nf6 3. Nxe5 d6 4. Nf3 Nxe4 5. Qe2 Qe7 6. d3 Nf6 7. Bg5 Nbd7 8.
Nc3 Qxe2+ 9. Bxe2 h6 10. Bh4 g5 11. Bg3 Nh5 12. Nd5 Kd8 13. h4 g4 14. Nh2 Nxg3
15. fxg3 h5 16. O-O Nb6 17. Nf4 Bg7 18. c3 Bd7 19. Bd1 c6 20. Bb3 d5 21. d4 Nc8
22. Nd3 Nd6 23. Rae1 Rc8 24. Ne5 Be8 25. Bc2 Rh6 26. Rf4 Rc7 27. Nf1 Re7 28.
Nd3 Rxe1 29. Nxe1 Re6 30. Nd3 Re2 1/2-1/2

[Event "XLIX Festival A"]
[Site "Imperia ITA"]
[Date "2007.09.08"]
[Round "8"]
[White "Gervasio, Francesco"]
[Black "Faraci, Antonino"]
[WhiteElo "2055"]
[BlackElo "2051"]
[Result "1/2-1/2"]
[PlyCount "39"]
[EventDate "2007.09.02"]

1. e4 c5 2. Nf3 a6 3. c4 d6 4. d4 cxd4 5. Nxd4 e5 6. Nc2 Nf6 7. Nc3 Be6 8. Be2
Be7 9. Be3 O-O 10. O-O Nbd7 11. f3 Rc8 12. Nd5 Bxd5 13. cxd5 Ne8 14. Bd3 Bg5
15. Qd2 Bxe3+ 16. Nxe3 g6 17. b4 Ng7 18. Rac1 Qe7 19. Rxc8 Rxc8 20. Rc1 1/2-1/2

[Event "XLIX Festival A"]
[Site "Imperia ITA"]
[Date "2007.09.08"]
[Round "8"]
[White "Gioseffi, Massimiliano"]
[Black "Ratti, Marco"]
[WhiteElo "2014"]
[BlackElo "1947"]
[Result "1-0"]
[PlyCount "85"]
[EventDate "2007.09.02"]

1. d4 f5 2. g3 Nf6 3. Bg2 g6 4. Nf3 Bg7 5. O-O O-O 6. c4 d6 7. Nc3 Nc6 8. d5
Ne5 9. Nxe5 dxe5 10. Qb3 h6 11. Rd1 Kh8 12. c5 a6 13. Qc4 g5 14. b4 Qe8 15. Bb2
f4 16. Ne4 fxg3 17. fxg3 Ng4 18. Qd3 Bf5 19. Rf1 Qg6 20. Rac1 Nf6 21. Rc4 Nxe4
22. Bxe4 Bxe4 23. Qxe4 Rxf1+ 24. Kxf1 Qf6+ 25. Qf3 Qg6 26. Qe4 Rf8+ 27. Ke1 Qf6
28. Qg2 Qf5 29. e4 Qg4 30. h3 Qf3 31. Qxf3 Rxf3 32. Rc3 Rxc3 33. Bxc3 Kg8 34.
Ke2 Kf7 35. g4 Ke8 36. Kd3 Kd8 37. a4 c6 38. Kc4 Bf6 39. b5 cxd5+ 40. exd5
axb5+ 41. axb5 Kc7 42. Kd3 e4+ 43. Kc4 1-0

[Event "XLIX Festival A"]
[Site "Imperia ITA"]
[Date "2007.09.08"]
[Round "8"]
[White "Lasanda, Michal"]
[Black "Mazur, Stefan"]
[WhiteElo "2171"]
[BlackElo "2070"]
[Result "0-1"]
[PlyCount "80"]
[EventDate "2007.09.02"]

1. a3 e5 2. c4 Nf6 3. Nc3 Nc6 4. Nf3 d5 5. cxd5 Nxd5 6. e4 Nf4 7. d4 exd4 8.
Bxf4 dxc3 9. bxc3 Qxd1+ 10. Kxd1 Bc5 11. Bxc7 Bxf2 12. Bc4 Bg4 13. Rf1 Rc8 14.
Bd6 Rd8 15. Rxf2 Rxd6+ 16. Bd5 O-O 17. Ke1 Be6 18. c4 Na5 19. c5 Rd7 20. Ne5
Re7 21. Bxe6 Rxe6 22. Nd3 Rxe4+ 23. Re2 Rxe2+ 24. Kxe2 Re8+ 25. Kf3 Nb3 26. Ra2
Rd8 27. Nb4 Nxc5 28. Rc2 b6 29. Nc6 Rd3+ 30. Kg4 Rxa3 31. Re2 g6 32. Re8+ Kg7
33. Re7 Ra4+ 34. Kh3 Kf6 35. Rc7 Ne6 36. Rb7 Rc4 37. Ne7 Ke5 38. Rb8 Rc7 39.
Ng8 h5 40. Nh6 Kf6 0-1

[Event "XLIX Festival A"]
[Site "Imperia ITA"]
[Date "2007.09.08"]
[Round "8"]
[White "Likavsky, Tomas"]
[Black "Jurek, Josef"]
[WhiteElo "2494"]
[BlackElo "2350"]
[Result "1-0"]
[PlyCount "83"]
[EventDate "2007.09.02"]

1. d4 Nf6 2. c4 e6 3. Nc3 Bb4 4. f3 Nc6 5. e4 d5 6. cxd5 exd5 7. e5 Ng8 8. Be3
Nge7 9. f4 h5 10. Be2 g6 11. Nf3 Bg4 12. O-O Ba5 13. Ng5 Nf5 14. Bf2 Ncxd4 15.
Bxg4 hxg4 16. Qxg4 Qd7 17. Bxd4 Rh4 18. Qf3 Nxd4 19. Qxd5 Ne2+ 20. Kf2 Nxc3 21.
Qxd7+ Kxd7 22. Kg3 Rhh8 23. bxc3 Bxc3 24. Rac1 Ba5 25. Nxf7 Rhf8 26. Ng5 Ke7
27. h4 Rad8 28. Rfd1 c6 29. Ne4 Bb6 30. Rxd8 Rxd8 31. Nd6 Ke6 32. Kg4 Rd7 33.
Rb1 c5 34. g3 Kd5 35. Kg5 c4 36. Rd1+ Kc5 37. Rc1 Bd8+ 38. Kxg6 b5 39. h5 Be7
40. Nxc4 bxc4 41. Rxc4+ Kd5 42. Rc8 1-0

[Event "XLIX Festival A"]
[Site "Imperia ITA"]
[Date "2007.09.08"]
[Round "8"]
[White "Luciani, Carlo"]
[Black "De Santis, Alessio"]
[WhiteElo "2237"]
[BlackElo "2345"]
[Result "1/2-1/2"]
[PlyCount "20"]
[EventDate "2007.09.02"]

1. e4 g6 2. d4 Bg7 3. Nc3 d6 4. Be3 a6 5. a4 b6 6. Bc4 Bb7 7. f3 Nd7 8. Nge2 e6
9. O-O Ne7 10. Qd2 h6 1/2-1/2

[Event "XLIX Festival A"]
[Site "Imperia ITA"]
[Date "2007.09.08"]
[Round "8"]
[White "Malano, Francesco"]
[Black "Mercandelli, Claudio"]
[WhiteElo "1980"]
[BlackElo "1993"]
[Result "0-1"]
[PlyCount "104"]
[EventDate "2007.09.02"]

1. Nf3 Nf6 2. b3 e6 3. g3 Be7 4. Bg2 d5 5. Bb2 O-O 6. O-O Nbd7 7. d4 Ne4 8.
Nfd2 f5 9. f3 Nd6 10. e3 Qe8 11. Qe2 c6 12. c4 Qh5 13. Nc3 Nf6 14. Rae1 Bd7 15.
e4 Nc8 16. e5 Ne8 17. c5 g5 18. f4 Ng7 19. fxg5 Qg6 20. Nf3 f4 21. g4 Bxg5 22.
Nxg5 Qxg5 23. Bc1 Ne7 24. Kh1 Ng6 25. Rg1 Rf7 26. Ref1 Raf8 27. Bf3 Nh4 28. Bd2
Kh8 29. Qf2 Be8 30. Be1 Nxf3 31. Qxf3 Bd7 32. Bd2 b6 33. b4 bxc5 34. bxc5 Bc8
35. Qd3 Qg6 36. Qxg6 hxg6 37. h4 f3 38. Rf2 Ba6 39. Kh2 Rb8 40. Rb1 Rxb1 41.
Nxb1 Rb7 42. Nc3 Rb2 43. Kg3 Be2 44. Kf4 Rxd2 45. Kg5 Kg8 46. h5 gxh5 47. gxh5
Rc2 48. h6 Rxc3 49. Kf6 Nf5 50. Kxe6 Nxd4+ 51. Kd6 Re3 52. Rh2 Kh7 0-1

[Event "XLIX Festival A"]
[Site "Imperia ITA"]
[Date "2007.09.08"]
[Round "8"]
[White "Mela, Riccardo"]
[Black "Raineri, Valerio"]
[WhiteElo "2044"]
[BlackElo "2108"]
[Result "0-1"]
[PlyCount "100"]
[EventDate "2007.09.02"]

1. e4 e5 2. Nf3 Nc6 3. Bb5 a6 4. Ba4 Nge7 5. d3 d6 6. c3 Bd7 7. O-O Ng6 8. Nbd2
Be7 9. Re1 O-O 10. Nf1 Kh8 11. Ng3 Qe8 12. Bc2 Nf4 13. d4 g5 14. d5 Nd8 15. Nf5
f6 16. g3 Ng6 17. Kg2 Nf7 18. h4 gxh4 19. Rh1 Rg8 20. N3xh4 Nf8 21. Be3 c6 22.
Rh2 Ng5 23. f4 Nf7 24. Qe2 exf4 25. Bxf4 Ne5 26. Nxe7 Qxe7 27. Nf5 Bxf5 28.
exf5 Qg7 29. dxc6 bxc6 30. Bb3 d5 31. Bxe5 fxe5 32. Qe3 Nd7 33. Rah1 Nf6 34.
Bc2 e4 35. Bd1 Rab8 36. b3 Rb7 37. Rh3 Qg5 38. Qxg5 Rxg5 39. Rf1 c5 40. Rf4 d4
41. c4 Rbg7 42. Kf2 Kg8 43. b4 cxb4 44. c5 Rc7 45. Rh6 Kg7 46. Rxf6 Kxf6 47.
Rxe4 Rxf5+ 48. Ke2 Re5 49. Kd3 Rcxc5 50. Rxd4 Red5 0-1

[Event "XLIX Festival A"]
[Site "Imperia ITA"]
[Date "2007.09.08"]
[Round "8"]
[White "Moncelli, Giorgio"]
[Black "Blasco, Domenico"]
[WhiteElo "2147"]
[BlackElo "1981"]
[Result "1-0"]
[PlyCount "85"]
[EventDate "2007.09.02"]

1. d4 Nf6 2. Nf3 c5 3. c3 e6 4. e3 b6 5. Bd3 Bb7 6. Nbd2 Be7 7. O-O O-O 8. e4
d6 9. Qe2 Nc6 10. e5 Nd5 11. Qe4 g6 12. a3 dxe5 13. dxe5 Na5 14. Bc4 Nxc3 15.
Qc2 Nxc4 16. Nxc4 Bxf3 17. Qxc3 Bd5 18. Bh6 Re8 19. Nd6 Bxd6 20. exd6 e5 21.
Rad1 Qxd6 22. Rd2 Qc6 23. f4 f6 24. Rfd1 Rad8 25. fxe5 fxe5 26. Bg5 Rd7 27.
Rxd5 Rxd5 28. Qc4 b5 29. Qxd5+ Qxd5 30. Rxd5 Rc8 31. Rxe5 Rc7 32. Be3 c4 33.
Rxb5 c3 34. bxc3 Rxc3 35. Bc5 Kf7 36. h4 Ke6 37. Ra5 h6 38. Bxa7 g5 39. hxg5
hxg5 40. Bc5 Rc2 41. Bb4 g4 42. Kh2 Rb2 43. Rg5 1-0

[Event "XLIX Festival A"]
[Site "Imperia ITA"]
[Date "2007.09.08"]
[Round "8"]
[White "Mozny, Milos"]
[Black "Lenz, Alarich"]
[WhiteElo "2373"]
[BlackElo "2207"]
[Result "1-0"]
[PlyCount "71"]
[EventDate "2007.09.02"]

1. Nf3 c5 2. c4 Nc6 3. d4 cxd4 4. Nxd4 Qb6 5. Nc2 e6 6. Nc3 Nf6 7. e3 a6 8. Be2
Qc7 9. O-O Ne5 10. b3 b5 11. f4 Ng6 12. e4 bxc4 13. bxc4 Bc5+ 14. Kh1 Bb7 15.
Qd3 h5 16. Rb1 h4 17. Bf3 Nh5 18. Ne2 Rb8 19. e5 Ne7 20. Ncd4 Bxf3 21. Rxb8+
Qxb8 22. Qxf3 f6 23. Be3 Qc7 24. Rb1 Kf7 25. Bf2 Bxd4 26. Bxd4 Qxc4 27. Rb7 g6
28. Rxd7 Rb8 29. exf6 Rb1+ 30. Ng1 Nxf6 31. Bxf6 Kxf6 32. Qg4 Qc5 33. Qxh4+ Kf7
34. Qh7+ Ke8 35. Rxe7+ Kd8 36. Re8+ 1-0

[Event "XLIX Festival A"]
[Site "Imperia ITA"]
[Date "2007.09.08"]
[Round "8"]
[White "Payen, Arnaud"]
[Black "Sulava, Nenad"]
[WhiteElo "2392"]
[BlackElo "2544"]
[Result "1/2-1/2"]
[PlyCount "29"]
[EventDate "2007.09.02"]

1. e4 e6 2. d3 d5 3. Nd2 c5 4. Ngf3 Nc6 5. g3 g6 6. Bg2 Bg7 7. O-O Nge7 8. Re1
b6 9. c3 a5 10. a4 Ba6 11. exd5 Nxd5 12. d4 cxd4 13. Nxd4 Nxd4 14. cxd4 O-O 15.
Nf1 1/2-1/2

[Event "XLIX Festival A"]
[Site "Imperia ITA"]
[Date "2007.09.08"]
[Round "8"]
[White "Pedemonte, Claudio"]
[Black "Scotti, Umberto"]
[WhiteElo "1915"]
[BlackElo "2199"]
[Result "0-1"]
[PlyCount "108"]
[EventDate "2007.09.02"]

1. c4 d6 2. d4 Nf6 3. Nf3 g6 4. g3 Bg7 5. Bg2 O-O 6. O-O Nbd7 7. b3 c5 8. Bb2
Rb8 9. Nc3 a6 10. Qd3 b5 11. cxb5 axb5 12. Nxb5 Ba6 13. a4 Qb6 14. Rab1 Bxb5
15. axb5 Qxb5 16. Nd2 Qxd3 17. exd3 Bh6 18. f4 cxd4 19. Bxd4 e5 20. Bc3 Rfc8
21. Nc4 exf4 22. Bxf6 Nxf6 23. gxf4 d5 24. Ne3 d4 25. Nc4 Re8 26. f5 Kg7 27.
fxg6 hxg6 28. b4 Ng4 29. Bd5 f5 30. b5 Ne3 31. Bc6 Nxf1 32. Bxe8 Ne3 33. Bc6
Nxc4 34. dxc4 Be3+ 35. Kf1 d3 36. Rb3 d2 37. Ke2 f4 38. Rd3 Rh8 39. b6 Rxh2+
40. Kd1 Bxb6 41. Rxd2 Rh3 42. Ke2 Rc3 43. Bd5 Kf6 44. Rd3 Rc2+ 45. Rd2 Rc1 46.
Rd1 Rxd1 47. Kxd1 Kf5 48. Ke2 Kg4 49. Kf1 Kg3 50. Bc6 f3 51. Be4 g5 52. Bg6 g4
53. Bh5 Kh4 54. Bf7 g3 0-1

[Event "XLIX Festival A"]
[Site "Imperia ITA"]
[Date "2007.09.08"]
[Round "8"]
[White "Pesce, Gabriele"]
[Black "Schrott, Ernst"]
[WhiteElo "2000"]
[BlackElo "2103"]
[Result "1-0"]
[PlyCount "72"]
[EventDate "2007.09.02"]

1. e4 c5 2. Nc3 a6 3. a4 b6 4. f4 Bb7 5. Nf3 e6 6. d3 d5 7. Qe2 d4 8. Nb1 Nc6
9. g3 Be7 10. Bg2 Qc7 11. Nbd2 h5 12. Nc4 h4 13. O-O hxg3 14. hxg3 Nf6 15. Nfe5
Nd7 16. Nxd7 Kxd7 17. a5 Nxa5 18. Nxa5 bxa5 19. Bd2 a4 20. Rxa4 Bc6 21. Ra2 Qb7
22. f5 e5 23. f6 Bxf6 24. Qg4+ Ke7 25. Ra5 Bb5 26. Bh3 Rad8 27. Bg2 c4 28. Bb4+
Ke8 29. Rxf6 gxf6 30. Qg7 Kd7 31. Qxf6 Kc8 32. dxc4 Qc6 33. Qf5+ Rd7 34. cxb5
Qxc2 35. bxa6 Qd1+ 36. Bf1 Qe1 1-0

[Event "XLIX Festival A"]
[Site "Imperia ITA"]
[Date "2007.09.08"]
[Round "8"]
[White "Schacher, Gerd"]
[Black "Del Dotto, Riccardo"]
[WhiteElo "2288"]
[BlackElo "2168"]
[Result "1-0"]
[PlyCount "45"]
[EventDate "2007.09.02"]

1. Nf3 d5 2. c4 c6 3. g3 Nf6 4. Bg2 dxc4 5. O-O Bf5 6. Na3 e5 7. Nxc4 e4 8.
Nfe5 Nbd7 9. d3 Nxe5 10. Nxe5 exd3 11. Qb3 Qc7 12. Nxd3 Be7 13. e4 Nxe4 14. Re1
Nd6 15. Nc5 O-O 16. Bf4 b6 17. Na6 Qd7 18. Nb4 Rac8 19. Qf3 Bg4 20. Rxe7 Qxe7
21. Qxg4 g6 22. Nxc6 Qf6 23. Be5 1-0

[Event "XLIX Festival A"]
[Site "Imperia ITA"]
[Date "2007.09.08"]
[Round "8"]
[White "Spinelli, Doriano"]
[Black "Bertino, Paolo"]
[WhiteElo "2155"]
[BlackElo "2103"]
[Result "1/2-1/2"]
[PlyCount "77"]
[EventDate "2007.09.02"]

1. e4 d5 2. exd5 Qxd5 3. Nc3 Qa5 4. g3 c6 5. Bg2 Nf6 6. Nge2 e5 7. d3 Be7 8.
Bd2 Qb6 9. Rb1 c5 10. O-O O-O 11. Bg5 Nc6 12. Bxf6 Bxf6 13. Ne4 Qd8 14. N2c3
Be6 15. a3 Rc8 16. b4 cxb4 17. axb4 Nd4 18. Nxf6+ Qxf6 19. Ne4 Qe7 20. c3 Nb5
21. c4 Nd4 22. Nc3 Rfd8 23. Nd5 Bxd5 24. Bxd5 Kh8 25. Bg2 b6 26. Re1 f5 27. Kh1
Qf6 28. Ra1 Rc7 29. Ra2 Qd6 30. b5 Ne6 31. Qe2 Nc5 32. Qxe5 Qxe5 33. Rxe5 Nxd3
34. Rd5 Rxd5 35. Bxd5 g5 36. Rd2 Nc5 37. Re2 Kg7 38. Re8 Kf6 39. Kg2 1/2-1/2

[Event "XLIX Festival A"]
[Site "Imperia ITA"]
[Date "2007.09.08"]
[Round "8"]
[White "Vrana, Frantisek"]
[Black "Poloch, Petr"]
[WhiteElo "2304"]
[BlackElo "2308"]
[Result "1/2-1/2"]
[PlyCount "33"]
[EventDate "2007.09.02"]

1. c4 e5 2. Nc3 d6 3. Nf3 f5 4. d4 e4 5. Ng5 c6 6. d5 Na6 7. Nh3 Nc7 8. e3 Nf6
9. Nf4 Ng4 10. b3 Be7 11. Be2 Ne5 12. Bb2 c5 13. Qd2 Bd7 14. a3 O-O 15. Nb5
Nxb5 16. cxb5 Bf6 17. Ne6 1/2-1/2

[Event "XLIX Festival A"]
[Site "Imperia ITA"]
[Date "2007.09.09"]
[Round "9"]
[White "Bertino, Paolo"]
[Black "Hamberger, Hermann"]
[WhiteElo "2103"]
[BlackElo "2126"]
[Result "1/2-1/2"]
[PlyCount "21"]
[EventDate "2007.09.02"]

1. d4 Nf6 2. Nf3 c5 3. c3 e6 4. Bg5 Be7 5. e3 b6 6. Nbd2 Bb7 7. Bd3 h6 8. Bh4
O-O 9. O-O d6 10. Qe2 Nbd7 11. Rad1 1/2-1/2

[Event "XLIX Festival A"]
[Site "Imperia ITA"]
[Date "2007.09.09"]
[Round "9"]
[White "Blasco, Domenico"]
[Black "Cugini, Verter"]
[WhiteElo "1981"]
[BlackElo "2199"]
[Result "1-0"]
[PlyCount "73"]
[EventDate "2007.09.02"]

1. d4 d6 2. Nf3 Nf6 3. e3 g6 4. c4 Bg7 5. Nc3 O-O 6. Be2 c6 7. O-O Qc7 8. b3 e5
9. Bb2 exd4 10. Nxd4 Nbd7 11. Qd2 Nc5 12. Bf3 Bg4 13. h3 Bxf3 14. Nxf3 a5 15.
Rfd1 Rfd8 16. Qc2 a4 17. Nxa4 Nxa4 18. bxa4 Qa5 19. Bc3 Qxa4 20. Qb2 Ne8 21.
Bxg7 Nxg7 22. Qxb7 Rab8 23. Qe7 Nf5 24. Qf6 Qxc4 25. Ne5 dxe5 26. Rxd8+ Rxd8
27. Qxd8+ Kg7 28. Qd2 Qa4 29. a3 h5 30. Qb4 Qa7 31. a4 Ne7 32. a5 Nd5 33. Qc4
Qa8 34. a6 Nc7 35. Qc5 Qc8 36. a7 e4 37. Qb6 1-0

[Event "XLIX Festival A"]
[Site "Imperia ITA"]
[Date "2007.09.09"]
[Round "9"]
[White "Di Paolo, Raffaele"]
[Black "Luciani, Carlo"]
[WhiteElo "2357"]
[BlackElo "2237"]
[Result "1-0"]
[PlyCount "153"]
[EventDate "2007.09.02"]

1. e4 e5 2. Nf3 Nc6 3. d4 exd4 4. Nxd4 Qf6 5. Nxc6 Bc5 6. Qf3 Qxf3 7. gxf3 bxc6
8. Nd2 Ne7 9. Nb3 Bb6 10. c4 d6 11. c5 dxc5 12. Be3 Rb8 13. Bc4 Be6 14. Rc1 Nc8
15. Bxe6 fxe6 16. Bxc5 Ne7 17. Rg1 Ng6 18. Ke2 e5 19. Be3 a5 20. Rc2 O-O 21.
Nc1 Rf6 22. Nd3 Rbf8 23. Rg3 Re6 24. b3 Rf7 25. Rg5 Rfe7 26. Rg4 Re8 27. h4 h5
28. Rg5 Nxh4 29. Rxh5 Ng6 30. Rg5 Rf6 31. Rc1 Ree6 32. Rcg1 Kh7 33. Rh5+ Kg8
34. Rf5 Rf8 35. Rfg5 Kh7 36. Nb2 Bxe3 37. fxe3 Rb8 38. Na4 Rb5 39. Rc1 Rd6 40.
Nc5 Kg8 41. Rf5 Rb8 42. Rc2 Rb5 43. Nd3 Re6 44. Rc4 Rd6 45. Ra4 Re6 46. Rg5 Kf7
47. Nb2 Re8 48. Nc4 Ra8 49. Kf2 Kf6 50. Rf5+ Ke6 51. Rh5 Ne7 52. Rh7 Kf6 53.
Rh1 Nc8 54. Rh8 Rc5 55. Kg3 Rb5 56. Re8 Rc5 57. Kg4 Rb5 58. f4 exf4 59. exf4
Kf7 60. Rh8 Rb4 61. Ne5+ Ke6 62. Re8+ Kd6 63. Rd8+ Ke6 64. Rxb4 axb4 65. Nxc6
Nb6 66. f5+ Kf7 67. Rxa8 Nxa8 68. Nxb4 Ke7 69. e5 Nb6 70. a4 Nd7 71. Nc6+ Ke8
72. b4 Nb6 73. a5 Nc4 74. e6 Kf8 75. Kf4 Ke8 76. a6 Kf8 77. Ne5 1-0

[Event "XLIX Festival A"]
[Site "Imperia ITA"]
[Date "2007.09.09"]
[Round "9"]
[White "Isonzo, David"]
[Black "Jurek, Josef"]
[WhiteElo "2356"]
[BlackElo "2350"]
[Result "1/2-1/2"]
[PlyCount "21"]
[EventDate "2007.09.02"]

1. e4 c6 2. d3 d5 3. Nd2 g6 4. Ngf3 Bg7 5. g3 e5 6. Bg2 Ne7 7. O-O O-O 8. Re1
Bg4 9. h3 Bxf3 10. Nxf3 dxe4 11. dxe4 1/2-1/2

[Event "XLIX Festival A"]
[Site "Imperia ITA"]
[Date "2007.09.09"]
[Round "9"]
[White "Lacrosse, Marc"]
[Black "Lasanda, Michal"]
[WhiteElo "2301"]
[BlackElo "2171"]
[Result "1-0"]
[PlyCount "33"]
[EventDate "2007.09.02"]

1. d4 Nf6 2. c4 e6 3. Nf3 b6 4. a3 Be7 5. d5 O-O 6. Nc3 exd5 7. cxd5 Ba6 8. g3
Bd6 9. Bg2 c6 10. O-O Re8 11. Re1 Nxd5 12. Nxd5 cxd5 13. Qxd5 Qe7 14. Nd4 Bc5
15. Nf5 Qe6 16. Qxe6 dxe6 17. Nxg7 1-0

[Event "XLIX Festival A"]
[Site "Imperia ITA"]
[Date "2007.09.09"]
[Round "9"]
[White "Likavsky, Tomas"]
[Black "Payen, Arnaud"]
[WhiteElo "2494"]
[BlackElo "2392"]
[Result "1/2-1/2"]
[PlyCount "20"]
[EventDate "2007.09.02"]

1. d4 Nf6 2. c4 c5 3. Nf3 cxd4 4. Nxd4 b6 5. Nc3 Bb7 6. f3 e6 7. e4 d6 8. Be2
a6 9. Be3 Be7 10. O-O Nbd7 1/2-1/2

[Event "XLIX Festival A"]
[Site "Imperia ITA"]
[Date "2007.09.09"]
[Round "9"]
[White "Mela, Riccardo"]
[Black "Pesce, Gabriele"]
[WhiteElo "2044"]
[BlackElo "2000"]
[Result "1/2-1/2"]
[PlyCount "88"]
[EventDate "2007.09.02"]

1. e4 c5 2. Nf3 Nc6 3. d3 d6 4. g3 g6 5. Bg2 Bg7 6. O-O e6 7. c3 Nge7 8. Nbd2
b5 9. Re1 Rb8 10. Nf1 b4 11. Qc2 Ba6 12. Ne3 bxc3 13. bxc3 Nb4 14. cxb4 Bxa1
15. bxc5 dxc5 16. Ba3 Qa5 17. Qxc5 Qxc5 18. Bxc5 Bc3 19. Rc1 Bb4 20. Bxa7 Rc8
21. Nc4 Nc6 22. Be3 Na5 23. Bd2 Nxc4 24. Bxb4 Nb6 25. Rxc8+ Nxc8 26. d4 Bb7 27.
Ne5 f6 28. Nd3 Kf7 29. Nc5 Ba8 30. f3 Rd8 31. Nb3 Nd6 32. Bf1 Bc6 33. Kf2 f5
34. e5 Nb5 35. Ke3 Nc7 36. Bd6 Nd5+ 37. Kf2 Ra8 38. a3 Ra4 39. Bd3 Nc3 40. Bb4
Na2 41. Bc5 Bd5 42. Nd2 Nc3 43. Bb4 Na2 44. Bc5 Nc3 1/2-1/2

[Event "XLIX Festival A"]
[Site "Imperia ITA"]
[Date "2007.09.09"]
[Round "9"]
[White "Morselli, Stefano"]
[Black "Faraci, Antonino"]
[WhiteElo "1860"]
[BlackElo "2051"]
[Result "0-1"]
[PlyCount "42"]
[EventDate "2007.09.02"]

1. Nf3 c5 2. g3 Nc6 3. Bg2 e5 4. d3 Nf6 5. O-O Be7 6. e4 d6 7. Nc3 h6 8. Nh4 g5
9. Nf5 Bxf5 10. exf5 Qd7 11. g4 O-O-O 12. a3 Rdf8 13. b4 h5 14. Nd5 hxg4 15. b5
Nd4 16. Nxf6 Bxf6 17. f3 gxf3 18. Rxf3 Nxf3+ 19. Bxf3 e4 20. Bg4 Qe7 21. Bd2
Qe5 0-1

[Event "XLIX Festival A"]
[Site "Imperia ITA"]
[Date "2007.09.09"]
[Round "9"]
[White "Raineri, Valerio"]
[Black "Froeschl, Felix"]
[WhiteElo "2108"]
[BlackElo "2191"]
[Result "1/2-1/2"]
[PlyCount "20"]
[EventDate "2007.09.02"]

1. e4 c5 2. Nf3 d6 3. d4 cxd4 4. Nxd4 Nf6 5. Nc3 a6 6. Be3 e5 7. Nb3 Be6 8. f3
b5 9. Qd2 Nbd7 10. O-O-O Nb6 1/2-1/2

[Event "XLIX Festival A"]
[Site "Imperia ITA"]
[Date "2007.09.09"]
[Round "9"]
[White "Ratti, Marco"]
[Black "Malano, Francesco"]
[WhiteElo "1947"]
[BlackElo "1980"]
[Result "0-1"]
[PlyCount "70"]
[EventDate "2007.09.02"]

1. d4 d5 2. Nf3 c6 3. g3 Nf6 4. Bg2 h6 5. Nbd2 Bf5 6. O-O e6 7. c4 Be7 8. b3
Nbd7 9. Bb2 Qc7 10. Ne5 Nxe5 11. dxe5 Ng4 12. cxd5 exd5 13. Nf3 Be4 14. e6 O-O
15. exf7+ Rxf7 16. h3 Bf6 17. Nd4 Nxf2 18. Rxf2 Qxg3 19. Rf3 Bxf3 20. exf3 Be5
21. Qe1 Qh2+ 22. Kf1 c5 23. Rd1 Bg3 24. Qe2 cxd4 25. Bxd4 Raf8 26. Rd3 Bb8 27.
Bc5 Rc8 28. Rxd5 b6 29. Ba3 Kh8 30. Qd2 Qc7 31. Bb2 Qc2 32. Qxh6+ Qh7 33. Qd2
Qb1+ 34. Qd1 Qxb2 35. Rd8+ Rf8 0-1

[Event "XLIX Festival A"]
[Site "Imperia ITA"]
[Date "2007.09.09"]
[Round "9"]
[White "Ricca, Giorgio"]
[Black "Moncelli, Giorgio"]
[WhiteElo "2053"]
[BlackElo "2147"]
[Result "1-0"]
[PlyCount "31"]
[EventDate "2007.09.02"]

1. e4 e5 2. f4 exf4 3. Nf3 g5 4. h4 g4 5. Ne5 Nf6 6. Bc4 d5 7. exd5 Bd6 8. d4
Nh5 9. Nxg4 Nd7 10. Qf3 Ndf6 11. Nxf6+ Nxf6 12. Bxf4 Bg4 13. Qe3+ Kd7 14. Bxd6
cxd6 15. O-O a6 16. Qf4 1-0

[Event "XLIX Festival A"]
[Site "Imperia ITA"]
[Date "2007.09.09"]
[Round "9"]
[White "Schrott, Ernst"]
[Black "Gervasio, Francesco"]
[WhiteElo "2103"]
[BlackElo "2055"]
[Result "0-1"]
[PlyCount "120"]
[EventDate "2007.09.02"]

1. e4 c5 2. Nf3 Nc6 3. d4 cxd4 4. Nxd4 g6 5. Nc3 Bg7 6. Be3 Nf6 7. Be2 O-O 8.
O-O d6 9. Nb3 Be6 10. f4 Rc8 11. f5 Bd7 12. a4 a5 13. Qe1 Ne5 14. Bd4 Bc6 15.
Bxe5 dxe5 16. fxg6 hxg6 17. Bf3 Qb6+ 18. Qf2 Qb4 19. Qc5 b6 20. Qxb4 axb4 21.
Na2 Bxa4 22. Nxb4 Bxb3 23. cxb3 Rfd8 24. Ra3 Bh6 25. Ra7 Be3+ 26. Kh1 e6 27. g3
Rd7 28. Rxd7 Nxd7 29. Rd1 Nc5 30. Nc2 Bg5 31. b4 Nb3 32. Na3 Nd4 33. Bg2 Bc1
34. Bf1 Bxb2 35. Nc4 Bc3 36. Nxe5 Nc2 37. Nd7 Bd4 38. Bb5 Kg7 39. Ba4 Be3 40.
Rd3 Bg5 41. b5 Ne3 42. h4 Rc1+ 43. Kh2 Ng4+ 44. Kg2 Bd8 45. Kf3 Nf6 46. Nb8 Bc7
47. Nc6 Rc4 48. e5 Rxa4 49. exf6+ Kxf6 50. Rd7 Ra3+ 51. Ke2 Bxg3 52. Nd8 Bxh4
53. Rxf7+ Ke5 54. Nc6+ Ke4 55. Rd7 Ra2+ 56. Kd1 Rh2 57. Rd6 g5 58. Rxe6+ Kd3
59. Ne5+ Kc3 60. Rxb6 Rh1+ 0-1

[Event "XLIX Festival A"]
[Site "Imperia ITA"]
[Date "2007.09.09"]
[Round "9"]
[White "Stoppa, Omar"]
[Black "Zsifkovits, Robert"]
[WhiteElo "2226"]
[BlackElo "2159"]
[Result "1-0"]
[PlyCount "54"]
[EventDate "2007.09.02"]

1. e4 e5 2. f4 exf4 3. Nf3 g5 4. Nc3 Bg7 5. Bc4 d6 6. O-O h6 7. d4 Nc6 8. Nd5
Nge7 9. Nxe7 Qxe7 10. c3 O-O 11. Qc2 Bd7 12. Bd2 Rae8 13. Bd3 Bg4 14. Qb3 Bc8
15. Kh1 Nd8 16. Rae1 c6 17. h3 Ne6 18. e5 dxe5 19. Nxe5 Qc7 20. Bb1 Re7 21. Qc2
Rfe8 22. Qh7+ Kf8 23. Ng4 Nxd4 24. Nxh6 Rxe1 25. Qg8+ Ke7 26. Rxe1+ Be5 27.
Qxf7+ Kd8 1-0

[Event "XLIX Festival A"]
[Site "Imperia ITA"]
[Date "2007.09.09"]
[Round "9"]
[White "Sulava, Nenad"]
[Black "Mozny, Milos"]
[WhiteElo "2544"]
[BlackElo "2373"]
[Result "1/2-1/2"]
[PlyCount "23"]
[EventDate "2007.09.02"]

1. g3 d5 2. Bg2 Nf6 3. Nf3 e6 4. O-O Be7 5. b3 c5 6. Bb2 Nc6 7. c4 d4 8. e3 e5
9. exd4 exd4 10. d3 O-O 11. Na3 Bf5 12. Nc2 1/2-1/2

[Event "VI Open B"]
[Site "Bergamo ITA"]
[Date "2007.07.21"]
[Round "4"]
[White "Kimbin, Richard Conrod"]
[Black "Fiorelli, Paolo"]
[Result "1-0"]
[WhiteElo "1440"]
[BlackElo "1515"]
[PlyCount "43"]
[EventDate "2007.07.20"]

1. e4 c5 2. Nf3 d6 3. d4 cxd4 4. Nxd4 Nf6 5. Nc3 g6 6. Be3 Bg7 7. f3 O-O 8. Qd2
Nc6 9. Bc4 Bd7 10. h4 a6 11. g4 Rc8 12. Bb3 h5 13. gxh5 Nxh5 14. Nxc6 Bxc6 15.
O-O-O b5 16. Bh6 e6 17. Bxg7 Nxg7 18. h5 Nxh5 19. Rxh5 gxh5 20. Qh6 f6 21.
Bxe6+ Rf7 22. Rg1# 1-0

[Event "IV Festival Marche Estate B"]
[Site "Falconara Marittima ITA"]
[Date "2007.07.19"]
[Round "4"]
[White "Alessandrini, Giacomo"]
[Black "Bruglia Prazio, Orlando"]
[Result "1-0"]
[WhiteElo "1596"]
[BlackElo "1587"]
[PlyCount "78"]
[EventDate "2007.07.16"]

1. e4 e6 2. d4 d5 3. Nc3 Nf6 4. e5 Nfd7 5. f4 c5 6. Nf3 Nc6 7. Be3 cxd4 8. Nxd4
Nxd4 9. Bxd4 a6 10. Qg4 Qc7 11. Be2 Nb8 12. Rd1 Nc6 13. Be3 Bd7 14. a3 Rc8 15.
Bf2 Na5 16. O-O Nc4 17. Bxc4 Qxc4 18. Qg5 h6 19. Qg3 g6 20. Rfe1 b5 21. Kh1 a5
22. Bd4 b4 23. Ne2 Qxc2 24. Rc1 Qa4 25. Rxc8+ Bxc8 26. Rc1 Ba6 27. f5 Bxe2 28.
fxe6 Bc4 29. exf7+ Kxf7 30. e6+ Kxe6 31. Qxg6+ Kd7 32. Bxh8 d4 33. Qg4+ Be6 34.
Qxd4+ Ke7 35. Qf6+ Kd7 36. Qxf8 bxa3 37. Qxa3 Qf4 38. Qd3+ Ke7 39. Rf1 Qb4 1-0